| 000 | 00633nam a2200181 a 4500 | ||
|---|---|---|---|
| 001 | 000027798 | ||
| 003 | DO-SdBNP | ||
| 005 | 20240415140713.0 | ||
| 008 | 110405s2004 dr r 000 0 spa d | ||
| 040 |
_aDO-SdBNP _bspa _cBNPHU |
||
| 082 |
_axxxx _bxxxx |
||
| 110 | 1 |
_aBanco Central de la República Dominicana _bDepartamento de Cuentas Nacionales y Estadísticas Económicas _954851 |
|
| 245 | 1 | 0 | _aEstadísticas turísticas 2003. |
| 260 |
_aSanto Domingo : _bBanco Central de la República Dominicana, _c2004. |
||
| 300 |
_a104 p. ; _c29 cm. |
||
| 650 | 4 |
_aTurismo _zRepública Dominicana _vEstadísticas _985247 |
|
| 942 |
_2ddc _cLBS1 |
||
| 999 |
_c27290 _d27290 |
||